Statistics for Most Fragile Countries not in Africa

Click here to take the quiz!

General Stats

  • This quiz has been taken 24,418 times
    (12,424 since last reset)
  • The average score is 14 of 20

Answer Stats

Rank Score Country % Correct
4111.5Syria
91%
1399.1Iraq
89%
9105.0Afghanistan
86%
5283.0Iran
84%
1113.5Yemen
82%
2394.2Pakistan
82%
2692.7North Korea
81%
3289.3Venezuela
78%
3687.7Bangladesh
70%
1299.3Haiti
69%
2294.3Myanmar
69%
4485.0Lebanon
66%
5482.5Cambodia
63%
4584.7Nepal
61%
4684.0Sri Lanka
55%
5083.1Philippines
53%
5781.4Guatemala
52%
4185.5East Timor
49%
5083.1Papua New Guinea
47%
5581.9Solomon Islands
24%

Score Distribution

Percentile by Number Answered

Percent of People with Each Score

Your Score History

You have not taken this quiz since the last reset